| 000 | 00823cam a2200253 a 4500 | ||
|---|---|---|---|
| 001 | 58803 | ||
| 003 | BD-RJUL | ||
| 005 | 20211209080647.0 | ||
| 008 | 161219s1973 dcua bs 00000 eng | ||
| 035 | _aBD-RjUL58927 | ||
| 040 |
_aBD-RjUL _beng _cBD-RjUL |
||
| 041 | _aeng | ||
| 082 |
_a304.63 _223 _bRIS 1973 |
||
| 100 | 1 | 0 |
_aRich, William, _d1948- _9174813 |
| 245 | 1 | 0 |
_aSmaller families through social and economic progress / _cWilliam Rich. |
| 260 | 0 |
_a[Washington, D.C.] : _bOverseas Development Council, _c1973. |
|
| 300 |
_a73 p. : _bill. ; _c28 cm. |
||
| 490 | 1 |
_aOverseas Development Council monograph ; _vno. 7 |
|
| 504 | _aBibliography: p. 63-66. | ||
| 650 | 0 |
_aBirth control. _9171032 |
|
| 830 | 0 |
_aMonograph (Overseas Development Council) ; _vno. 7. _9174826 |
|
| 942 |
_2ddc _cBK |
||
| 999 |
_c58803 _d58803 |
||